Statistics for Countries with More English Speakers than England

Click here to take the quiz!

General Stats

  • This quiz has been taken 264 times
    (212 since last reset)
  • The average score is 3 of 5

Answer Stats

SpeakersCountry% Correct
251,388,301United States
100%
125,344,736India
85%
110,041,604Pakistan
63%
79,000,000Nigeria
52%
89,800,800Philippines
29%

Score Distribution

Percentile by Number Answered

Percent of People with Each Score

Your Score History

You have not taken this quiz since the last reset